Music Quiz

Random Music or Blitz Quiz

R.E.M. or Green Day? Quiz Stats

 Plays Quiz Updated Jun 2, 2016

Challenge
Share
Tweet
Embed
Score 0/28 Timer 01:00
23 Plays Today
Song Title (R).E.M. or (G)reen Day? % Correct
Man On The Moon???
89.7%
Losing My Religion???
89.6%
American Idiot???
89.5%
Everybody Hurts???
89.4%
Shiny Happy People???
88.6%
Boulevard Of Broken Dreams???
88.2%
Wake Me Up When September Ends???
87.4%
Good Riddance (Time of Your Life)???
87.1%
Basket Case???
86.7%
The One I Love???
86.2%
Orange Crush???
84.8%
Radio Free Europe???
84.3%
Stand???
83.8%
When I Come Around???
83.2%
Song Title (R).E.M. or (G)reen Day? % Correct
21 Guns???
83.1%
Nightswimming???
82.7%
Holiday???
82.6%
Jesus of Suburbia???
80%
Drive???
79.9%
Welcome to Paradise???
79.6%
Brain Stew / Jaded???
79.4%
Pop Song 89???
79%
The Great Beyond???
78.9%
Daysleeper???
76.6%
Know Your Enemy???
74.8%
Minority???
74.8%
Electrolite???
74.5%
Longview???
70.9%

You're not logged in!

Compare scores with friends on all Sporcle quizzes.
Join for Free
OR
Log In

You Might Also Like...

Show Comments

Extras

Top Quizzes Today


Score Distribution

Your Account Isn't Verified!

In order to create a playlist on Sporcle, you need to verify the email address you used during registration. Go to your Sporcle Settings to finish the process.

Report this User

Report this user for behavior that violates our Community Guidelines.

Details: